000 01045nam a22002777a 4500
001 7142
003 FISKH
005 20250626090059.0
008 250625b cb ||||| |||| 00| 0 eng d
020 _a9788956354996
040 _aFISKH
_beng
_cFISKH
_dFISKH
050 _aPZ7
082 _a590
100 _aSormark, Julie
245 _aThe wolf and the seven little goats /
_cRetold by Julie Sormark : through the art style of Camille Pissaro
260 _aSeoul :
_be-future ,
_c2010.
300 _a35 pages :
_bcolor illustrations ;
_c23 cm .
490 _aArt classic stories
505 _aJ
520 _aThe Wolf and the Seven Little Goats tells the story of seven playful young goats whom a cunning wolf tricks while their mother is away. After being deceived initially, they use their cleverness and teamwork to outsmart the Wolf when he tries to eat them.
521 8 _a500
_bLexile estimate
521 8 _aJ
_bRaz-Plus
700 _aChae, Huijeong
_eIllustrator
942 _2ddc
_cBK
_n0
999 _c7142
_d7142